000 00624nam a22002057a 4500
999 _c22445
_d22445
003 OSt
005 20220818095936.0
008 180228s2017 pe 000 0 spa
020 _a9786124722110
040 _cBiblioteca Municipal de Cusco
082 _a985.001/P78
_bP78
100 _aPorras Barrenechea, Raúl
_d1897-1960
_948210
245 _aEl nombre del Perú /
_cRaúl Porras Barrenechea
250 _aSegunda edición
260 _aLima :
_bLápix Editores,
_c2016.
300 _a87 p. :
_bmapas ;
_c21 cm.
650 _aNombres geográficos
_zPerú
_948211
651 _aPerú
_xNombre
_948212
942 _2ddc
_cLIBROS